Cắt giảm chi phí để tránh bế tắc trong kinh doanh : Cẩm nang hướng dẫn duy trì vị thế cạnh tranh và cải thiên lợi nhuận

Hướng dẫn cách cắt giảm chi phí để tăng lợi nhuận trong kinh doanh

Gorde:
Xehetasun bibliografikoak
Egile nagusia: Barrow, Colin
Formatua: Liburua
Hizkuntza:Undetermined
Argitaratua: Hà Nội Văn hóa Thông tin 2014
Gaiak:
Etiketak: Etiketa erantsi
Etiketarik gabe, Izan zaitez lehena erregistro honi etiketa jartzen!
Thư viện lưu trữ: Trung tâm Học liệu Trường Đại học Cần Thơ
LEADER 00930nam a2200229Ia 4500
001 CTU_197127
008 210402s9999 xx 000 0 und d
020 |c 65000 
082 |a 658.1552 
082 |b B278 
100 |a Barrow, Colin 
245 0 |a Cắt giảm chi phí để tránh bế tắc trong kinh doanh : 
245 0 |b Cẩm nang hướng dẫn duy trì vị thế cạnh tranh và cải thiên lợi nhuận 
245 0 |c Colin Barrow; Nguyễn Quốc Dũng dịch 
260 |a Hà Nội 
260 |b Văn hóa Thông tin 
260 |c 2014 
520 |a Hướng dẫn cách cắt giảm chi phí để tăng lợi nhuận trong kinh doanh 
650 |a Cost control,Corporations,Quản lý giá,Tập đoàn 
650 |x Finance,Management,Tài chính,Quản lý 
904 |i Nguyên 
980 |a Trung tâm Học liệu Trường Đại học Cần Thơ